000 01117nam a22003017a 4500
005 20240530110453.0
008 150521s2011 ua f 000 0 ara d
017 _a2009/19723
_bمصر . دار الكتب المصرية
020 _a9789773831884
040 _aEG-CaGPL
082 0 4 _221
_a155.633\
_bم م
100 0 _aمحمد حسن غانم .
245 1 2 _aالمرأة و اضطراباتها النفسية و العقلية /
_cاعداد محمد حسن غانم .
250 _aط1.
260 _aالقاهرة :
_bايتراك للطباعة والنشر والتوزيع ،
_c2010.
300 _a301 ص ؛
_c24 سم.
504 _aببليوجرافية : ص 293 - 301
650 0 4 _aالمرأة
_xامراض
_xتشخيص .
650 0 4 _aالسلوك الاندفاعى .
650 0 4 _aالطب النفسى .
650 0 4 _aاضطرابات النوم .
650 0 4 _aاضطرابات الاكل .
650 0 4 _aالوسواس القهرى .
650 0 4 _aالفصام.
650 0 4 _aالعلاج النفسى .
942 _2ddc
_cBK
999 _c61302
_d61302